000 00425nam a2200169Ia 4500
008 100301t2003 xxu||||| |||| 00| 0 eng d
041 _aeng
080 _aX8s31
_bWAS
100 _aWasalasuriya, Gamini
245 _aසුදු හංසියේ
246 _aSudu Hangsiye
260 _bAuthor
_aKatunayaka
_c2003
300 _a272p., 21 cm
942 _cBK
999 _c72144
_d72144
003 LK-CoDNM
040 _aLK-CoDNM
_dLK-CoDNM
_eLK-CoDNM